Catálogo
 En Linea

Personajes universales de la cultura Italiana / (Registro nro. 33568)

Detalles MARC
000 -CABECERA
campo de control de longitud fija 00657nam a2200169 a 4500
001 - NÚMERO DE CONTROL
campo de control 000034077
005 - FECHA Y HORA DE LA ÚLTIMA TRANSACCIÓN
campo de control 20200930070743.0
008 - DATOS DE LONGITUD FIJA--INFORMACIÓN GENERAL
campo de control de longitud fija 110923s1982 dr abc 000 0 spa d
040 ## - FUENTE DE LA CATALOGACIÓN
Centro catalogador/agencia de origen DO-SdBNP
Lengua de catalogación spa
Centro/agencia transcriptor BNPHU
100 1# - ENTRADA PRINCIPAL--NOMBRE DE PERSONA
Nombre de persona Forestieri Sanabia, Rolando,
Fechas asociadas al nombre 1944-
9 (RLIN) 59505
245 10 - MENCIÓN DE TÍTULO
Título Personajes universales de la cultura Italiana /
Mención de responsabilidad, etc. Rolando Forestieri Sanabia ; prólogo Julio E. Ravelo de la Fuente.
260 ## - PUBLICACIÓN, DISTRIBUCIÓN, ETC.
Lugar de publicación, distribución, etc. Santo Domingo :
Nombre del editor, distribuidor, etc. Alfa y Omega,
Fecha de publicación, distribución, etc. 1982.
300 ## - DESCRIPCIÓN FÍSICA
Extensión v. :
Otras características físicas il., retrs. ;
Dimensiones 23 cm.
500 ## - NOTA GENERAL
Nota general Incluye datos biográficos del autor en la solapa
500 ## - NOTA GENERAL
Nota general La biblioteca posee el v. 1
700 1# - PUNTO DE ACCESO ADICIONAL--NOMBRE DE PERSONA
Nombre de persona Ravelo de la Fuente, Julio E.
Término indicativo de función/relación pról.
9 (RLIN) 59506
Existencias
Estado de retiro Estado de pérdida No para préstamo Código de colección Localización permanente Ubicación/localización actual Ubicación en estantería Fecha de adquisición Número de inventario Total de préstamos Signatura topográfica completa Código de barras Fecha visto por última vez Precio válido a partir de Tipo de ítem Koha Restricciones de uso
    Excluido de préstamo Patrimonio Dominicano General General Depósito 23.09.2011 LF1   v. 1 34077-10 25.06.2020 25.06.2020 Libro y Folleto Colección Patrimonio Dominicano  
    Excluido de préstamo Patrimonio Dominicano General General En catalogación 23.09.2011 LF1   v. 1, e. 2 34077-20 25.06.2020 25.06.2020 Libro y Folleto Colección Patrimonio Dominicano  
      Patrimonio Dominicano General General En catalogación 23.09.2011 LF1   v. 1, e. 3 34077-30 25.06.2020 25.06.2020 Libro y Folleto Colección Patrimonio Dominicano  
      Patrimonio Dominicano General General En catalogación 23.09.2011 LF1   v. 1, e. 4 34077-40 25.06.2020 25.06.2020 Libro y Folleto Colección Patrimonio Dominicano  
      Patrimonio Dominicano General General En catalogación 23.09.2011 LF1   v. 1, e. 5 34077-50 25.06.2020 25.06.2020 Libro y Folleto Colección Patrimonio Dominicano  

Con tecnología Koha